The right to a fair trial in international law / (Record no. 7071)

MARC details
000 -LEADER
fixed length control field 01431cam a2200433Mi 4500
001 - CONTROL NUMBER
control field on1335744751
003 - CONTROL NUMBER IDENTIFIER
control field OCoLC
005 - DATE AND TIME OF LATEST TRANSACTION
control field 20230828120844.0
008 - FIXED-LENGTH DATA ELEMENTS--GENERAL INFORMATION
fixed length control field 200331s2020 nyu b 001 0 eng|d
010 ## - LIBRARY OF CONGRESS CONTROL NUMBER
LC control number 2021354171
Canceled/invalid LC control number 2019953159
-- 2020936083
040 ## - CATALOGING SOURCE
Original cataloging agency AU@
Language of cataloging eng
Description conventions rda
Transcribing agency AU@
Modifying agency OCLCF
016 7# - NATIONAL BIBLIOGRAPHIC AGENCY CONTROL NUMBER
Record control number 020033351
Source Uk
020 ## - INTERNATIONAL STANDARD BOOK NUMBER
International Standard Book Number 9780198808398
Qualifying information hardback
020 ## - INTERNATIONAL STANDARD BOOK NUMBER
International Standard Book Number 0198808399
020 ## - INTERNATIONAL STANDARD BOOK NUMBER
Cancelled/invalid ISBN 9780192536099
Qualifying information epub
020 ## - INTERNATIONAL STANDARD BOOK NUMBER
Cancelled/invalid ISBN 9780191846113
029 0# - (OCLC)
OCLC library identifier AU@
System control number 000070124963
035 ## - SYSTEM CONTROL NUMBER
System control number (OCoLC)1335744751
050 00 - LIBRARY OF CONGRESS CALL NUMBER
Classification number KZ7364
Item number .C56 2020
082 04 - DEWEY DECIMAL CLASSIFICATION NUMBER
Classification number 345.056
Edition number 23
049 ## - LOCAL HOLDINGS (OCLC)
Holding library TZAA
100 1# - MAIN ENTRY--PERSONAL NAME
Personal name Clooney, Amal,
Relator term author.
245 14 - TITLE STATEMENT
Title The right to a fair trial in international law /
Statement of responsibility, etc Amal Clooney and Philippa Webb.
250 ## - EDITION STATEMENT
Edition statement Primera edici�on.
264 #1 -
-- New York :
-- Oxford University Press,
-- 2020.
300 ## - PHYSICAL DESCRIPTION
Extent cxx, 931 pages ;
Dimensions 26 cm.
336 ## -
-- text
-- txt
-- rdacontent
337 ## -
-- unmediated
-- n
-- rdamedia
338 ## -
-- volume
-- nc
-- rdacarrier
500 ## - GENERAL NOTE
General note Formerly CIP.
Institution to which field applies Uk
504 ## - BIBLIOGRAPHY, ETC. NOTE
Bibliography, etc Includes bibliographical references and index.
530 ## - ADDITIONAL PHYSICAL FORM AVAILABLE NOTE
Additional physical form available note Also issued online.
650 #0 - SUBJECT ADDED ENTRY--TOPICAL TERM
Topical term or geographic name as entry element Fair trial.
9 (RLIN) 2095
650 #0 - SUBJECT ADDED ENTRY--TOPICAL TERM
Topical term or geographic name as entry element Criminal procedure (International law)
650 #7 - SUBJECT ADDED ENTRY--TOPICAL TERM
Topical term or geographic name as entry element Criminal procedure (International law)
Source of heading or term fast
-- (OCoLC)fst00883460
650 #7 - SUBJECT ADDED ENTRY--TOPICAL TERM
Topical term or geographic name as entry element Fair trial.
Source of heading or term fast
-- (OCoLC)fst00919857
9 (RLIN) 2095
700 1# - ADDED ENTRY--PERSONAL NAME
Personal name Webb, Philippa
Fuller form of name (Philippa Mahal),
Relator term author.
994 ## -
-- C0
-- TZACH

No items available.

African Court on Human and Peoples' Rights | For Inquiries Contact » +255 272 510 510